000 00343nam a22001457a 4500
008 221104b ||||| |||| 00| 0 eng d
020 _a9780132685764
041 _aeng
080 _2FOURTH EDITION
_a37
082 _a37 NOR
100 _a22.2
101 _aEDU
245 _aMULTICULTURAL CHILDREN'S LITERATURE
_cNORTON D
942 _2udc
_cBK
999 _c58729
_d58729